000 00330nam a22001457a 4500
020 _a0-906710-06-5
082 _a823
_bDAV/C
100 _aDAVIS, JIM
245 _aGARFIELD,THE GREAT LOVER
246 _aWHY DO YOU HATE MONDAYS?
260 _aBRITIAN
_bRAVETYTE BOOKS
_c1993
520 _aSHORT STORY
650 _aV
942 _cBK
999 _c5821
_d5821